000 00927nas a2200301 4500
001 BR2011000522
003 BR-BrBNA
005 20231205115254.0
007 ta
008 230509b bl.|||p| |||| 00| 00por d
040 _aBR-BrBNA
_bpor
_cBiblioteca Nacional de Agricultura
041 _a(En)
072 _aJ10; Q04
100 1 _aGallina, D.A.
100 1 _aVan Dender, A.G.F.
100 1 _aYotsuyanagi, K.
100 1 _aSá, P.B.Z.R. de
245 1 _aInfluence of storage temperature on the texture profile and colour characteristics of UHT requeijão cremoso
650 _aREQUEIJÃO
650 _aTEMPERATURA
650 _aESTOCAGEM
650 _aANÁLISE FÍSICA
650 _aTEXTURA
650 _aCOR
773 0 _tBrazilian Journal of Food Technology (Brazil)
_xISSN 1519-0900
_g(Jul-Sep 2008), v. 11(3) p. 169-174
_wBR2011000522
909 _a202311
_bLúcia
_c55
_dLúcia Elande
942 _2AGRIS
_n0
_cANA
999 _c212945
_d212945